Responses for show #3588 - Wednesday, March 22, 2000

Contestants

[<< previous game]

Ron Josephson, an environmental engineer from Silver Spring, Maryland

Sara Winterer, an actress originally from Bala Cynwyd, Pennsylvania

Andrew Burke, a technical writer from Atlanta, Georgia (whose 1-day cash winnings total $11,401)

[next game >>]

Jeopardy! Round responses

PRESIDENTIAL FATHER'S DAY
(Alex: We'll name the father, you name the president.)
PARTS OF A BUILDING
THE 7 WONDERS OF THE ANCIENT WORLD
BIG SCREEN TIME TRAVEL
BEAR FEAT
"RH" FACTOR
    $100 8
Lyndon B. Johnson

Andrew
    $100 21
Window

Andrew
    $100 1
Pyramids

Andrew
    $100 6
A Connecticut Yankee in King Arthur's Court

Andrew
    $100 26
Kodiak

Ron
    $100 16
Rhumba

Andrew
    $200 9
(S: Who is Franklin Delano Roosevelt?)

Teddy Roosevelt

AndrewSara
    $200 22
Hearth

Andrew
    $200 2
Hanging Gardens of Babylon

Ron
    $200 7
Bill & Ted

Ron
    $200 27
Himalayas

Ron
    $200 17
"Rhinestone Cowboy"

Ron
    $300 10
(R: Who is Benjamin Harrison?)

William Henry Harrison

AndrewRon
    $300 23
Door jamb

Sara
    $300 3
Colossus of Rhodes

Ron
    $300 13
Star Trek

Andrew
    $300 28
Brown bear

Ron
    $300 18
Rhubarb

Sara
    $400 11
Gerald Ford

Ron
    $400 24
(A: What is a sill?)

Transom

Andrew
Triple Stumper
    $400 4
Lighthouse of Alexandria

Andrew
    $700 14
H.G. Wells

Andrew
    $400 29
Sun bear

Triple Stumper
    $400 19
Rhea

Andrew
    $500 12
Bill Clinton

Andrew
    $500 25
(S: What is T-E..aaugh!)
(we have a minute to go...)

L-I-N-T-E-L

SaraRon
    $500 5
Statue of Zeus at Olympia

Triple Stumper
    $500 15
The Philadelphia Experiment

Andrew
    $500 30
South America

Andrew
    $500 20
Rhapsody

Ron

Scores at the first commercial break (after clue 14):

Andrew Sara Ron
$2,700 -$200 $800

Scores at the end of the Jeopardy! Round:

Andrew Sara Ron
$4,100 -$100 $2,600

Double Jeopardy! Round responses

COUNTIES OF ENGLAND
ACTRESSES
THE BRONTE BEAT
OSCAR-WINNING SONGS
(Alex: You have to identify the film.)
AYE AYE, ADMIRAL
ISMs
    $200 2
Dorset/Dorsett

Sara
    $200 1
Jenna Elfman

Ron
    $200 10
"Wuthering Heights"

Ron
    $200 16
(R: What is "The Wizard of Oz?")

Pinocchio

AndrewRon
    $200 25
Lord Nelson

Ron
    $200 11
Voyeurism

Andrew
    $400 7
Essex

Sara
    $400 3
(A: Who is Streep?)
(S: Who is Jessica Lange?)

Sissy Spacek

AndrewSara
Triple Stumper
    $400 12
"Jane Eyre"

Sara
    $400 17
Top Gun

Andrew
    $1,000 27
(R: Who is Queeg?)

William Bligh

Ron
    $400 21
Recidivism

Ron
    $600 8
Surrey

Andrew
    $600 4
Cybill Shepherd

Sara
    $600 13
Governesses

Sara
    $600 18
Evita

Sara
    $600 28
George Dewey

Triple Stumper
    $2,000 22
Capitalism

Ron
    $800 9
Kent

Triple Stumper
    $800 5
Marnie

Sara
    $800 14
Bell (Currer, Ellis & Acton)

Sara
    $800 19
Nashville

Triple Stumper
    $800 29
John Poindexter

Ron
    $800 23
Ecumenism

Triple Stumper
    $1000 26
Cornwall

Ron
    $1000 6
Juliette Binoche

Ron
    $1000 15
Patrick Branwell Bronte

Triple Stumper
    $1000 20
Dick Tracy

Sara
    $1000 30
Hyman Rickover

Ron
    $1000 24
Humanism

Ron

Scores at the end of the Double Jeopardy! Round:

Andrew Sara Ron
$5,100 $4,900 $9,200

[wagering suggestions for these scores]

Final Jeopardy! Round responses

HISTORIC PEOPLE
SaraWho is Jascha Heifitz (Isaac Stern)
$4,800
AndrewWho is Benny?
$3,100
RonWho is Einstein?
$1,001
Albert Einstein

Final scores:

Andrew Sara Ron
$2,000 $100 $10,201
2nd place: Fisher Soundstage Home Theater System & Blockbuster Gift Cards 3rd place: Epson Digital Photography Package New champion: $10,201

Game dynamics:

Coryat scores:

Andrew Sara Ron
$4,800 $4,900 $8,800
19 R
(including 1 DD),
2 W
11 R,
3 W
20 R
(including 1 DD),
3 W
(including 1 DD)

Combined Coryat: $18,500

The J! Archive is created by fans, for fans. The Jeopardy! game show and all elements thereof, including but not limited to copyright and trademark thereto, are the property of Jeopardy Productions, Inc. and are protected under law. This website is not affiliated with, sponsored by, or operated by Jeopardy Productions, Inc. Join the discussion at JBoard.tv.